Hawks / (Record no. 292874)
[ view plain ]
| 000 -LEADER | |
|---|---|
| fixed length control field | 01305nam a2200361 a 4500 |
| 001 - CONTROL NUMBER | |
| control field | dti1508142491 |
| 003 - CONTROL NUMBER IDENTIFIER | |
| control field | DLC-MRC |
| 005 - DATE AND TIME OF LATEST TRANSACTION | |
| control field | 20200320200456.0 |
| 008 - FIXED-LENGTH DATA ELEMENTS--GENERAL INFORMATION | |
| fixed length control field | 151020s2016 nyu j 001 0 eng c |
| 010 ## - LIBRARY OF CONGRESS CONTROL NUMBER | |
| LC control number | 2015031462 |
| 020 ## - INTERNATIONAL STANDARD BOOK NUMBER | |
| International Standard Book Number | 1508142491 |
| Terms of availability | 17.70 |
| 020 ## - INTERNATIONAL STANDARD BOOK NUMBER | |
| International Standard Book Number | 9781508142492 (library bound) |
| 040 ## - CATALOGING SOURCE | |
| Original cataloging agency | NJQ/DLC |
| Language of cataloging | eng |
| Transcribing agency | NJQ |
| Modifying agency | DLC |
| -- | TnJaDT |
| Description conventions | rda |
| 042 ## - AUTHENTICATION CODE | |
| Authentication code | pcc |
| 050 00 - LIBRARY OF CONGRESS CALL NUMBER | |
| Classification number | QL696.F32 |
| Item number | B38 2016 |
| 082 00 - DEWEY DECIMAL CLASSIFICATION NUMBER | |
| Classification number | 598.9 |
| Edition number | 23 |
| 100 1# - MAIN ENTRY--PERSONAL NAME | |
| Personal name | Bates, Matt, |
| Relator term | author. |
| 9 (RLIN) | 5702565 |
| 245 10 - TITLE STATEMENT | |
| Title | Hawks / |
| Statement of responsibility, etc | Matthew Bates. |
| 264 #1 - Production, Publication, Distribution, Manufacture, and Copyright Notice. | |
| Place of production, publication, distribution, manufacture | New York : |
| Name of producer, publisher, distributor, manufacturer | PowerKids Press, |
| Date of production, publication, distribution, manufacture, or copyr | [2016] |
| 300 ## - PHYSICAL DESCRIPTION | |
| Extent | 24 pages : |
| Other physical details | color illustrations ; |
| Dimensions | 23 cm. |
| 336 ## - Content Type | |
| Content type term | text |
| 337 ## - Media type | |
| Media type term | unmediated |
| 338 ## - Carrier type | |
| Carrier type term | volume |
| 490 1# - SERIES STATEMENT | |
| Series statement | Raptors! |
| 500 ## - GENERAL NOTE | |
| General note | Includes index. |
| 505 0# - FORMATTED CONTENTS NOTE | |
| Formatted contents note | The mighty hawk -- A look at raptors -- Is it a hawk? -- A look at the Red-tailed hawk -- Goshawks -- Excellent hunters -- What's for dinner? -- A pair for life -- Humans and hawks -- Special birds. |
| 650 #0 - SUBJECT ADDED ENTRY--TOPICAL TERM | |
| Topical term or geographic name as entry element | Hawks |
| Form subdivision | Juvenile literature. |
| 9 (RLIN) | 5758840 |
| 830 #0 - SERIES ADDED ENTRY--UNIFORM TITLE | |
| Uniform title | Raptors!. |
| 9 (RLIN) | 5918238 |
| 942 ## - ADDED ENTRY ELEMENTS (KOHA) | |
| Koha item type | BOOK |
| 948 ## - LOCAL PROCESSING INFORMATION (OCLC); SERIES PART DESIGNATOR (RLIN) | |
| Series part designator, SPT (RLIN) | 08/31/2016 |
| z (OCLC) | Sirsi |
| 949 ## - LOCAL PROCESSING INFORMATION (OCLC) | |
| d | 598.9 Bat |
| p | 17.70 |
| 996 ## - | |
| -- | 133587 |
| -- | 34301001346677 |
| -- | JNF |
| -- | bk |
| -- | wcl |
| -- | i |
| -- | 1 |
| -- | 17.70 |
| -- | davidson |
| -- | 598.9 Bat |
| -- | 09/14/2016 |
| -- | 11/02/2018 |
| -- | 10/29/2018 |
| Withdrawn status | Lost status | Source of classification or shelving scheme | Damaged status | Not for loan | Collection code | Home library | Current library | Shelving location | Date acquired | Cost, normal purchase price | Total Checkouts | Total Renewals | Full call number | Barcode | Date last seen | Date checked out | Cost, replacement price | Price effective from | Koha item type |
|---|---|---|---|---|---|---|---|---|---|---|---|---|---|---|---|---|---|---|---|
| Dewey Decimal Classification | Junior NonFiction | Wasatch County Library | Wasatch County Library | Second Floor | 09/14/2016 | 17.70 | 5 | 1 | J 598.9 Bat | 34301001346677 | 12/26/2025 | 08/08/2023 | 17.70 | 03/20/2020 | BOOK |
